<?xml version="1.0" encoding="UTF-8"?>
<record
    xmlns:xsi="http://www.w3.org/2001/XMLSchema-instance"
    xsi:schemaLocation="http://www.loc.gov/MARC21/slim http://www.loc.gov/standards/marcxml/schema/MARC21slim.xsd"
    xmlns="http://www.loc.gov/MARC21/slim">

  <leader>00990cam a2200253   4500</leader>
  <controlfield tag="001">sa 65004258 </controlfield>
  <controlfield tag="003">DLC</controlfield>
  <controlfield tag="005">20260227112129.0</controlfield>
  <controlfield tag="008">710324m19389999ii       c    000 0 eng  </controlfield>
  <datafield tag="010" ind1=" " ind2=" ">
    <subfield code="a">sa 65004258 </subfield>
  </datafield>
  <datafield tag="040" ind1=" " ind2=" ">
    <subfield code="a">DLC</subfield>
    <subfield code="c">DLC</subfield>
    <subfield code="d">DLC</subfield>
  </datafield>
  <datafield tag="043" ind1=" " ind2=" ">
    <subfield code="a">a-ii---</subfield>
  </datafield>
  <datafield tag="050" ind1="0" ind2="0">
    <subfield code="a">Z6605.S3</subfield>
    <subfield code="b">M3</subfield>
  </datafield>
  <datafield tag="082" ind1="0" ind2="0">
    <subfield code="a">015/.54</subfield>
  </datafield>
  <datafield tag="110" ind1="2" ind2=" ">
    <subfield code="a">Government Oriental Manuscripts Library (Tamil Nadu, India)</subfield>
  </datafield>
  <datafield tag="245" ind1="1" ind2="3">
    <subfield code="a">An alphabetical index of Sanskrit manuscripts in the Government Oriental Manuscripts Library, Madras,</subfield>
    <subfield code="c">by S. Kuppuswami Sastri and P. P. Subrahmanya Sastri. Prepared under the orders of the Government of Madras.</subfield>
  </datafield>
  <datafield tag="260" ind1=" " ind2=" ">
    <subfield code="a">Madras,</subfield>
    <subfield code="b">Printed by the Superintendent, Govt. Press,</subfield>
    <subfield code="c">1938-</subfield>
  </datafield>
  <datafield tag="300" ind1=" " ind2=" ">
    <subfield code="a">v.</subfield>
    <subfield code="c">25-33 cm.</subfield>
  </datafield>
  <datafield tag="500" ind1=" " ind2=" ">
    <subfield code="a">Cover title.</subfield>
  </datafield>
  <datafield tag="500" ind1=" " ind2=" ">
    <subfield code="a">Vols. 2-3, by P. P. Subrahmanya Sastri.</subfield>
  </datafield>
  <datafield tag="650" ind1=" " ind2="0">
    <subfield code="a">Manuscripts, Sanskrit</subfield>
    <subfield code="z">India</subfield>
    <subfield code="z">Chennai</subfield>
    <subfield code="v">Catalogs.</subfield>
  </datafield>
  <datafield tag="700" ind1="1" ind2=" ">
    <subfield code="a">Kuppuswami Sastri, S.,</subfield>
    <subfield code="d">1880-1943.</subfield>
  </datafield>
  <datafield tag="700" ind1="1" ind2=" ">
    <subfield code="a">Subrahmanya Sastri, P. P.</subfield>
    <subfield code="q">(Palamadai Pichumani)</subfield>
  </datafield>
  <datafield tag="999" ind1=" " ind2=" ">
    <subfield code="c">63640</subfield>
    <subfield code="d">63640</subfield>
  </datafield>
</record>
